| 000 | 01170cab a22001935a 4500 | ||
|---|---|---|---|
| 001 | L153189 | ||
| 008 | 110621e20110611xxk 000 0 eng d | ||
| 035 | _a(Sirsi) u153189 | ||
| 041 | 0 | _aeng | |
| 110 | 2 |
_aHeap, Joel _95955 |
|
| 245 | 0 | 0 | _aKeep your finger on the pulse |
| 260 | _c2011 | ||
| 490 |
_aEstates Gazette _v(1123) 11 June 2011, 80(1) |
||
| 520 | _aExplains why 2011 may be the deadline for many property investors to issue negligence claims which are currently increasing due to the economic downturn. As a general rule an action for breach of contract can be brought at any time prior to the expiry of the six years from the date on which the cause of action accrued. One of the important specific exceptions to this is that a claimant must have had actual knowledge of the fact that they have a claim so if a purchase took place in 2001 and the buyer did not find out about an issue with the purchase price until they tried to sell the property in 2008 the time allowed for issuing proceedings will expire some time in 2011. | ||
| 590 | _aKA | ||
| 651 | 4 |
_aEngland and Wales _y1543- |
|
| 690 | _aPROPERTY-PROPERTY FINANCE AND INVESTMENT | ||
| 942 | _n0 | ||
| 999 |
_c83221 _d83221 |
||